| 000 | 00673nam a2200229 u 4500 | ||
|---|---|---|---|
| 005 | 20240615063640.0 | ||
| 008 | 130828s2011 mx r 000 0 spa d | ||
| 020 | _a9786077070399 | ||
| 035 | _aUPN01000192506 | ||
| 049 | _aCG | ||
| 050 | 4 |
_aRC394 A8.5 _bC3.2 |
|
| 100 | 1 |
_aCarballo, María del Carmen _934278 |
|
| 245 | 1 | 0 |
_aCoaching para quienes viven con TDAH / _cMaría del Carmen Carballo. |
| 260 |
_aMéxico : _bAlfaomega, _c2011. |
||
| 300 |
_a215 p. : _btablas |
||
| 440 | 0 | _aPsicología | |
| 650 | 4 |
_aTrastornos de la atención _92909 |
|
| 650 | 4 |
_aHiperactividad _93080 |
|
| 650 | 2 |
_aTrastornos de la conducta _912938 |
|
| 905 | _aLibro | ||
| 999 |
_c164608 _d164608 |
||